Szczegóły MARC21

10 złotych reguł sprzedaży : jak osiągnąć mistrzostwo w sprzedaży

005 -DATA I CZAS OSTATNIEJ MODYFIKACJI [,]
    • @
    • pole kontrolne
    • 20061117081758.0
020 -Międzynarod. znormalizowany nr książki - ISBN [ , ]
    • a
    • Numer ISBN
    • 8324600078 Find
040 -Instytucja sporządzająca opis [ , ]
    • a
    • Instytucja, która sporządziła opis (NP)
    • SZCZ U/SA
    • c
    • Instytucja, która sporządziła rekord (NP)
    • SZCZ U/SA
    • d
    • Instytucja, która zmodyfikowała rekord (P)
    • SZCZ U/JŚ
041 -Język dokumentu [1, ]
    • a
    • Język tekstu (P)
    • polski
    • h
    • Język tekstu oryginalnego i/lub pośredniego (P)
    • czeski
044 -Kraj miejsca wydania [ , ]
    • a
    • Kraj miejsca wydania
    • Polska
942 -Rodzaj dokumentu [ , ]
    • c
    • Rodzaj dokumentu
    • Książka
100 -Hasło główne - nazwa osobowa [1, ]
    • a
    • Nazwa osobowa (NP)
    • BUREŠ, IVAN
110 -Hasło główne - nazwa ciała zbiorowego [ , ]
    • n
    • Numer imprezy (P)
    • "Helion"
245 -Strefa tytułu i oznaczenia odpowiedzialności [1,0]
    • a
    • Tytuł
    • 10 złotych reguł sprzedaży Find
    • b
    • Ciąg dalszy tytułu (NP)
    • : jak osiągnąć mistrzostwo w sprzedaży Find
    • c
    • Pozostałe elementy strefy tytułu i oznaczenia odpowiedzialności (NP)
    • Ivan Bureš
246 -Wariant tytułu [3, ]
    • a
    • Tytuł (NP)
    • Dziesięć złotych reguł sprzedaży
260 -Strefa adresu wydawniczego [ , ]
    • a
    • Miejsce wydania (P)
    • Gliwice
    • b
    • Nazwa wydawcy (P)
    • "Helion"
    • c
    • Data wydania (P)
    • [cop.2006]
300 -Strefa opisu fizycznego [ , ]
    • a
    • Określenie formy książki i/lub objętość (NP)
    • 203 s.
    • c
    • Format (NP)
    • 21 cm.
440 -Strefa serii i książki wielotomowej - forma do wyszukiwania [ ,0]
    • a
    • Tytuł (NP)
    • Onepress Exclusive Find
    • 9
    • KHW
    • 9460
500 -Uwaga ogólna [ , ]
    • a
    • Uwaga ogólna (NP)
    • Tł. z jęz. czes.
080 -Uniwersalna Klasyfikacja Dziesiętna [ , ]
    • 2
    • Identyfikator wydania tablic
    • UDC-P022
    • a
    • Symbol klasyfikacji
    • 658.8
    • b
    • Dopowiedzenie
    • Rozprowadzanie towarów. Zbyt. Sprzedaż. Sprzedaż hurtowa., detaliczna. Sklepy. Domy towarowe.
980 -Symbol UKD [ , ]
    • a
    • UKD
    • 658.8
920 -ISBN [ , ]
    • a
    • ISBN
    • 83-246-0007-8 Find
Status udost. Numer inwentarzowy Data inwentaryzacji Lokalizacja
-2T.91822006-11-02T